000 00605nam a2200253Ia 4500
005 20250425161818.0
008 250425s9999 xx 000 0 und d
041 _aspa
043 _aec
082 _a330
100 _aGUTIERREZ, FREANCISCO DE PAULA
245 0 _a¿QUE NOS DICEN LOS INDICADORES ECONOMICOS?
250 _a1A ED.
260 _aEcuador
_bINCAE
_c1995
260 _aQUITO
300 _a58
500 _aSERIE ECONOMIA PARA LIDERES DE OPINION 2
650 _aECONOMIA
650 _aECUADOR
650 _aMACROECONOMIA
710 _aINCAE
942 _c01
010 _a30677
999 _c216607
_d216607